000 00372pab a2200145 454500
008 180718b1991 xxu||||| |||| 00| 0 eng d
100 _aBalachandrudu, M
245 _aUnderstanding risk and managing it better - fire insurance
260 _c1991
300 _a1012-16
362 _aJun.
650 _aInsurance, Fire
773 _aChartered Accountant
909 _a11649
999 _c11649
_d11649